• 首页
  • 本馆介绍
  • 公告通知
  • 最新文献
  • 馆藏检索
  • 电子资源
  • 读者导购
  • 参考咨询
  • 我的图书馆
  • 登录
  • 详细信息显示
  • 放入我的书架
  • 预约/预借图书
  • 作者相关作品
  • 分类相关作品
  • 丛书相关作品
  • 出版社相关作品

书目信息

  • 表格格式
  • 工作单格式
  • 卡片格式
题名:
土地信息系统
    
 
作者: 马才学 主编
分册:  
出版信息: 北京   北京师范大学出版社  2008.07
页数: 341页
开本: 23cm
丛书名:
单 册:
中图分类: F301.2
科图分类:
主题词: 土地资源--管理信息系统--高等教育--教材 , 土地资源 , 管理信息系统
电子资源:
ISBN: 978-7-303-09298-7
000 00957nam0 2200277 450
001 012004277234
005 20091221090643.30
010    @a978-7-303-09298-7@dCNY34.00
100    @a20090213d2008 em y0chiy0110 ea
101 0  @achi
102    @aCN@b110000
105    @aak z 000yy
106    @ar
200 1  @a土地信息系统@9tu di xin xi xi tong@f马才学主编
210    @a北京@c北京师范大学出版社@d2008.07
215    @a341页@c图@d23cm
300    @a普通高等教育“十一五”国家级规划教材 新世纪高等学校教材 土地管理基础课系列教材
330    @a本书重点为土地信息系统的基本概念、技术和方法。具体包括LIS的基本概念、数据结构、数据模型、数据采集方法、空间数据组织和管理技术等。
510 1  @aLand information system@zeng
606 0  @a土地资源@x管理信息系统@x高等教育@j教材
606 0  @a土地资源
606 0  @a管理信息系统
690    @aF301.2@v4
701  0 @a马才学@9ma cai xue@4主编
801  0 @aCN@bNLC@c20091221
905    @b20798146-51@dF301.2@e34@f6
    
    土地信息系统/马才学主编.-北京:北京师范大学出版社,2008.07
    341页:图;23cm
    普通高等教育“十一五”国家级规划教材 新世纪高等学校教材 土地管理基础课系列教材
    
    ISBN 978-7-303-09298-7:CNY34.00
    本书重点为土地信息系统的基本概念、技术和方法。具体包括LIS的基本概念、数据结构、数据模型、数据采集方法、空间数据组织和管理技术等。
●
相关链接 在E读中查询图书 在五车中查询图书 在当当中查询图书 在豆瓣中查询图书


正题名:土地信息系统     索取号:F301.2/34         预约/预借

序号 登录号 条形码 馆藏地/架位号 状态 备注
1 798146   207981460   第一样本阅览室/ [索取号:F301.2/34] 在馆    
2 798147   207981479   第一借阅区/ [索取号:F301.2/34] 在馆    
3 798148   207981488   第一借阅区/ [索取号:F301.2/34] 在馆    
4 798149   207981497   第一借阅区/ [索取号:F301.2/34] 在馆    
5 798150   207981503   第一借阅区/ [索取号:F301.2/34] 在馆    
6 798151   207981512   密集书库-资源管理系/ [索取号:F301.2/34] 在馆    
唐山师范学院图书馆 欢迎您!
大连网信软件有限公司© 版权所有